Stres dítěte v rozvodové a porozvodové situaci / Eva Vaníčková
Record details
- ISBN: 80-239-3062-1
- Physical Description: 15 s. : barev. il. ; 20 cm
- Publisher: Praha : Růžová linka, 1999
Content descriptions
| General Note: | Název z obálky |
Search for related items by subject
| Subject: | rozvod stres (psychologie) výchova dítěte prevence (sociální problémy) děti children divorce stress (psychology) child rearing prevention (social work) |
| Genre: | informační publikace information publications |
Available copies
- 1 of 1 copy available at Common Catalog SPOK.
Holds
- 0 current holds with 1 total copy.
Show Only Available Copies
| Location | Call Number / Copy Notes | Barcode | Shelving Location | Status | Due Date |
|---|---|---|---|---|---|
| Jabok Library | Ped-8.2.1 | 424480003916 | Odborná literatura | Available | - |
| LDR | 01544nam a2200457 a 4500 | ||
|---|---|---|---|
| 001 | 12534 | ||
| 003 | CZ-PrJAB | ||
| 005 | 20190808103422.0 | ||
| 007 | tu | ||
| 008 | 040525s1999 xr a e 000 0 cze | ||
| 015 | . | ‡acnb001312281 | |
| 020 | . | ‡a80-239-3062-1 ‡q(v knize neuvedeno ; ‡qbrož.) | |
| 035 | . | ‡a(CZ PrNK)cpk20041312281 | |
| 035 | . | ‡a(OCoLC)85101870 | |
| 040 | . | ‡aABA001 ‡bcze | |
| 072 | 7. | ‡a364-1/-7 ‡xDruhy sociální pomoci a služeb ‡2Konspekt ‡918 | |
| 080 | . | ‡a364.642 ‡2MRF | |
| 080 | . | ‡a159.913 ‡2MRF | |
| 080 | . | ‡a37.03-053.2 ‡2MRF | |
| 080 | . | ‡a364-212 ‡2MRF | |
| 080 | . | ‡a316.346.32-053.2 ‡2MRF | |
| 080 | . | ‡a(036) ‡2MRF | |
| 100 | 1 | . | ‡aVaníčková, Eva, ‡d1949- ‡7jn99240001243 ‡4aut |
| 245 | 1 | 0. | ‡aStres dítěte v rozvodové a porozvodové situaci / ‡cEva Vaníčková |
| 260 | . | ‡aPraha : ‡bRůžová linka, ‡c1999 | |
| 300 | . | ‡a15 s. : ‡bbarev. il. ; ‡c20 cm | |
| 500 | . | ‡aNázev z obálky | |
| 650 | 0 | 7. | ‡arozvod ‡7ph125274 ‡2czenas |
| 650 | 0 | 7. | ‡astres (psychologie) ‡7ph116294 ‡2czenas |
| 650 | 0 | 7. | ‡avýchova dítěte ‡7ph127420 ‡2czenas |
| 650 | 0 | 7. | ‡aprevence (sociální problémy) ‡7ph138923 ‡2czenas |
| 650 | 0 | 7. | ‡aděti ‡7ph114392 ‡2czenas |
| 650 | 0 | 9. | ‡achildren ‡2eczenas |
| 650 | 0 | 9. | ‡adivorce ‡2eczenas |
| 650 | 0 | 9. | ‡astress (psychology) ‡2eczenas |
| 650 | 0 | 9. | ‡achild rearing ‡2eczenas |
| 650 | 0 | 9. | ‡aprevention (social work) ‡2eczenas |
| 655 | 7. | ‡ainformační publikace ‡7fd132454 ‡2czenas | |
| 655 | 9. | ‡ainformation publications ‡2eczenas | |
| 910 | . | ‡aABG312 | |
| 995 | . | ‡aska | |
| 901 | . | ‡a12534 ‡bCZ-PrJAB ‡c12534 ‡tbiblio | |